000 00565nam a22002057a 4500
005 20251108173423.0
008 250721s2003 xx 000 0 ara d
020 _a995343462x
082 1 4 _aط/372.3/هاج
100 1 _aهاجر، عبد السلام
_eTran.
245 1 0 _aبطيء و سريع /
264 1 _aبيروت :
_bمؤسسة المعارف،
_c2003.
300 _a33ص
490 0 _aاقرا عن
650 1 7 _aالعلوم
650 1 7 _aالتعلم
653 _aمرحلة متوسطة (6-9سنة)
942 _2ddc
_cBK
999 _c103464
_d103464